000 00627nam a2200241Ia 4500
003 OSt
005 20221005065941.0
006 a|||||r|||| 00| 0
007 ta
008 221004b |||||||| |||| 00| 0 guj d
024 _a45681
037 _cTextual
040 _aCRL
_cCRL
_bguj
041 _2guj
_aguj
082 _aY:1.2, 156K3
100 _aDesai Ramanlal Au.
_9605151
245 0 _aBharatiya sanskriti
260 _aMumbai
_bIndia
_c1963
300 _a590p.
_ccm.
650 _aINDIA - CIVILIZATION
942 _hY:1.2, 156K3
_cTEXL
_2cc
999 _c975447
_d975447